03427cam a2200301 i 450000100190000000500170001900800410003602000180007702000150009503500410011003500240015104000760017504100080025105000230025910000440028224501100032626000700043630000360050650400410054250505860058352016590116964800140282865000370284265000140287970000520289370000930294570000870303899110697992130619620250711124025.0200928s2020 enk b 000 0 eng d a9781913462031 a191346203X a(OCoLC)1198445363z(OCoLC)1141155502 a(OCoLC)on1198445363 aTOHbengerdacTOHdBDXdTOHdOCLCOdOCLCFdSFRdOCLCOdVA@dYDXdCaOTV aeng aB3318.S8 bS3 2020 aSchopenhauer, Arthurd1788-1860eauthor10aOn the suffering of the worldc/ Arthur Schopenhauer ; edited and with an introduction by Eugene Thacker. aLondon :bRepeater Books, an imprint of Watkins Media Ltd,c2020. a311 pages :bportrait ;c20 cm. aIncludes bibliographical references.0 aIntroduction: a philosophy in ruins, an unquiet void / by Eugene Thacker — A note on this edition — On the vanity and suffering of life — Additional remarks on the doctrine of the vanity of existence — Additional remarks on the doctrine of the suffering of the world — On death and its relation to the indestructibility of our inner nature — On the doctrine of the indestructibility of our true nature in death — On the doctrine of the denial of the will-to-live — Additional remarks on the doctrine of the affirmation and denail of the will-to-live — On suicide. aOn the Suffering of the World is a collection of the later aphoristic writings of Arthur Schopenhauer, known for their incisive, aphoristic style and dark, pessimistic view of human existence. Edited and with an introduction by Eugene Thacker, On the Suffering of the World comprises a core selection of Schopenhauer's later writings, gathered together for the first time in print. These texts, produced during the last decades of Schopenhauer's long life, reveal a unique kind of philosophy, expressed in a singular style. Eschewing the tradition of dry, totalizing, academic philosophy prevalent during the time, Schopenhauer's later writings mark a shift towards a philosophy of aphorisms, fragments, anecdotes and observations, written in a literary style that is by turns antagonistic, resigned, confessional, and filled with all the fragile contours of an intellectual memoir. Here Schopenhauer allows himself to pose challenging questions regarding the fate of the human species, the role of suffering in the world, and the rift between self and world that increasingly has come to define human existence, to this day. It is these writings of Schopenhauer that later generations of artists, poets, musicians, and philosophers would identify as exemplifying the pessimism of their era, and perhaps of our own as well. On the Suffering of the World is presented with an introduction that places Schopenhauer's thought in its intellectual context, while also connecting it to contemporary concerns over climate change, the anthropocene, and the spectre of human extinction. The book also includes a bibliography and chronology of Schopenhauer's life. 0a1800-1899 0aPhilosophy, Germany19th century 0aSuffering aThacker, Eugeneeeditorewriter of introduction 2aSchopenhauer, Arthurd1788-1860.tWelt als Wille und Vorstellung.kSelections.lEnglish. 2aSchopenhauer, Arthurd1788-1860.tParerga und Paralipomena.kSelections.lEnglish.